00581nam a2200193Ia 4500003000400000005001700004008004100021040000700062041000800069082001600077100002900093245002900122260004000151300000900191650002300200942001300223999001900236952013200255OSt20260312094945.0250729s2007 xx 000 0 und d cAL akan a370.15 KONS aDr.N.B Kongawada9230037 aShykshanikha manovijnana aGadagabVidhyanidhi Prakashanc2007 a715p aPsychology9230038 2ddccBED c238581d238581 00104070aALbALd2025-07-29eManagement Booksg350.00l0o370.15 KONSpBED03900r2025-07-29 16:56:50v350.00w2025-07-29yBK